000 00812nam a2200277Ia 4500
003 OSt
005 20220925223426.0
006 a|||||r|||| 00| 0
007 ta
008 220923b |||||||| |||| 00| 0 eng d
020 _a041534445X
_c1580.64
037 _b157, 17/11/2006, EXCEL BOOK INTERNATIONAL
_cGeneral Book
040 _aRTL
_cRTL
_beng
041 _2eng
_aeng
082 _aU43, N8
100 _aHall Tim
_9255926
245 0 _aUrban geography
250 _a3rd
260 _aLondon
_bRoutledge
_c2006
300 _axiv, 198p
_ccm.
490 _aRoutledge Contemporary Human Geography Series
500 _aBibliography p180-191
650 _aGeography
942 _hU43, N8
_cGB
_2CC
999 _c579551
_d579551